000 00419nam a2200169Ia 4500
001 9527
003 IN-NITTTR
005 20251114233048.0
008 251113s9999||||xx |||||||||||||| ||eng||
040 _beng
040 _cIN-NITTTR
041 _aeng
082 _a371.3078 A23S
100 _aAnderson, Ronald H.
245 0 _aSelecting and developing media for instruction /
_cAnderson, Ronald H.
942 _2ddc
_cBK
999 _c12164
_d12164